Religion or irreligion / (Record no. 41168)
[ view plain ]
| 000 -LEADER | |
|---|---|
| fixed length control field | 00763nam a22002294a 4500 |
| 005 - DATE AND TIME OF LATEST TRANSACTION | |
| control field | 2010081100240.0 |
| 010 ## - LCCN (DPL NO) | |
| LC control number | ENG-99519 |
| 020 ## - INTERNATIONAL STANDARD BOOK NUMBER | |
| Terms of availability | 45.00 |
| International Standard Book Number | 9788190384414 |
| 035 ## - SYSTEM CONTROL NUMBER | |
| System control number | EN-83051 |
| 037 ## - SOURCE OF ACQUISITION | |
| Source of stock number/acquisition | DBAD/PUB |
| 082 ## - DEWEY DECIMAL CLASSIFICATION NUMBER | |
| Classification number | 297.29 |
| 100 ## - MAIN ENTRY--PERSONAL NAME | |
| Personal name | Willaim, Xavier |
| 245 ## - TITLE STATEMENT | |
| Title | Religion or irreligion / |
| Statement of responsibility, etc | by Xavier Willaim |
| 260 ## - PUBLICATION, DISTRIBUTION, ETC. (IMPRINT) | |
| Place of publication, distribution, etc | Erankulam |
| Name of publisher, distributor, etc | Win-Win Books |
| Date of publication, distribution, etc | 2008 |
| 270 ## - ADDRESS | |
| City | Erankulam |
| Address | Win-Win Books, Nettoor |
| Postal code | 682304 |
| 300 ## - PHYSICAL DESCRIPTION | |
| Extent | 64 p. : |
| Dimensions | 22cm (Pbk) |
| 650 ## - SUBJECT ADDED ENTRY--TOPICAL TERM | |
| Topical term or geographic name as entry element | Apaligetics & palemic |
| 650 ## - SUBJECT ADDED ENTRY--TOPICAL TERM | |
| Topical term following geographic name as entry element | Services for approval |
| 700 ## - ADDED ENTRY--PERSONAL NAME | |
| 9 (RLIN) | 10698 |
| 942 ## - ADDED ENTRY ELEMENTS (KOHA) | |
| Source of classification or shelving scheme | Dewey Decimal Classification |
| Item type | English Books |
| Call number suffix | WIL |
| Classification part | 297.29 |
| Withdrawn status | Lost status | Not for loan | Collection code | Home library | Current library | Date acquired | Cost, normal purchase price | Full call number | Barcode | Copy number | Cost, replacement price | Koha item type |
|---|---|---|---|---|---|---|---|---|---|---|---|---|
| Not For Loan | Non-fiction | D.B.Act.Division | D.B.Act.Division | 11/08/2010 | 45.00 | 297.29 WIL | EN-83051 | 1 | 45.00 | English Books |
